000
00410nam a22001577a 4500
003
MPLRDC
005
20220104151224.0
008
210129b ||||| |||| 00| 0 eng d
082
_a
225.7 MHX
100
_a
马哈希法师等著
245
_a
唯一的道路
_c
260
_a
_b
雪州马来西亚佛学社
_c
2002
300
_b
平
650
_a
佛教佈教及信仰生活--修持
942
_c
BK
_o
225.7 MHX
999
_c
52262
_d
52252